|
|
|
|
| LEADER |
00000cas a2200000 a 4500 |
| 001 |
vtls008157938 |
| 003 |
SK-MaSNL |
| 005 |
20260228162059.0 |
| 008 |
050602d20052006xo mr ne 0 b0slo |
| 022 |
|
|
|a 1337-2238
|
| 040 |
|
|
|a SNK
|b slo
|c SNK
|e AACR2
|
| 041 |
|
|
|a slo
|
| 044 |
|
|
|a xo
|c SK
|
| 210 |
0 |
|
|a Slov. katol. nov.
|
| 222 |
|
0 |
|a Slovenské katolícke noviny
|
| 245 |
0 |
0 |
|a Slovenské katolícke noviny
|b mesačník Starokatolíckej cirkvi na Slovensku
|
| 260 |
|
|
|a Nitra
|b Starokatolícka cirkev na Slovensku
|c 2005-2006
|
| 300 |
|
|
|a 2 zv.
|c 30 - 43 cm
|
| 310 |
|
|
|a 1x mesačne
|
| 362 |
0 |
|
|a Roč. 1, č. 1 (marec 2005)-č. 8 (sept.-okt. 2006)
|
| 500 |
|
|
|a Od č. 9/2006 vychádza na internete ako dvojmesačník
|
| 500 |
|
|
|a Podnázov sa mení: mesačník cirkevných , teologických a spoločenských tém.
|
| 500 |
|
|
|a Šéfredaktor: 1/2005-8/2006, Štefan Záhradník
|
| 500 |
|
|
|a Reg. číslo: 3333/2005
|
| 500 |
|
|
|a Od č. 7/2006 rozmer zv. 30 cm
|
| 610 |
2 |
7 |
|a Starokatolíci
|2 SNKKA
|9 32683
|
| 655 |
|
7 |
|a náboženské časopisy
|2 SNKPH
|9 70790
|
| 700 |
1 |
|
|a Zahradník, Štefan
|4 pbd
|9 268135
|
| 856 |
4 |
1 |
|u http://www.slovenski-katolici.sk
|
| 910 |
|
|
|a snk
|
| 958 |
|
|
|a OND
|
| 999 |
|
|
|c 6734
|d 8664
|
| 952 |
|
|
|0 0
|1 0
|4 0
|7 0
|8 0
|a SNK
|b SNK
|d 2018-07-02
|i snk2018/14172
|l 0
|o snkČSA 1458/1/2005
|p 17A1326750
|r 2026-02-21 22:13:13
|t č. 1-9
|w 2026-02-21
|y PREZ
|
| 952 |
|
|
|0 0
|1 0
|4 0
|7 0
|8 0
|a SNK
|b SNK
|d 2018-07-02
|i snk2018/14195
|l 0
|o snkČSA 1458/1/2005 D1
|p 17A1326751
|r 2026-02-21 22:13:14
|t č. 1-9
|w 2026-02-21
|y PREZ
|
| 952 |
|
|
|0 0
|1 0
|4 0
|7 0
|8 0
|a SNK
|b SNK
|d 2018-07-02
|i snk2018/14197
|l 0
|o snkČSA 1458/2/2006
|p 17A1326752
|r 2026-02-21 22:13:14
|t č. 1-8
|w 2026-02-21
|y PREZ
|
| 952 |
|
|
|0 0
|1 0
|4 0
|7 0
|8 0
|a SNK
|b SNK
|d 2018-07-02
|i snk2018/14206
|l 0
|o snkČSA 1458/2/2006 D1
|p 17A1326753
|r 2026-02-21 22:13:17
|t č. 1-8
|w 2026-02-21
|y PREZ
|